Miejscowości znajdujące się nad Jeziorem Solińskim - Statystyki

Ogólne statystyki
  • Ten quiz został rozwiązany 8 razy
  • Średni wynik to 5 z 13
Statystyki odpowiedzi
Populacja Miejscowość % Poprawnych
861 Polańczyk
100%
434 Solina
86%
Brak danych Chrewt
57%
552 Myczków
57%
409 Wołkowyja
43%
51 Rajskie
29%
Brak danych Teleśnica Sanna
29%
101 Werlas
29%
214 Zawóz
29%
1 Horodek
14%
Brak danych Olchowiec
14%
147 Rybne
14%
1 Sokole
14%
Nie znaleziono quizów pasujących do podanych kryteriów
Rozkład punktacji
Procent ludzi z każdym wynikiem
Percentyl według liczby udzielonych odpowiedzi
Twoja historia wyników
Nie rozwiązałeś tego quizu